La resistencia como germen de autonomía: una primera interpretación desde/hacia abajo/

Gespeichert in:
Bibliographische Detailangaben
1. Verfasser: Rojas Rodríguez, Cristhofer
Weitere Verfasser: Gómez Calderón, César Augusto
Format: Buch
Sprache:Spanish
Tags: Tag hinzufügen
Keine Tags, Fügen Sie den ersten Tag hinzu!

MARC

LEADER 00000nam a22000007a 4500
003 cru CIDCACS/IIS
005 20170831062524.0
007 ta
008 170825t2017 cr |||p|r|||| 00| 0 spa d
999 |c 40336  |d 40336 
040 |c cru CIDCACS/IIS 
100 1 |9 5401  |a Rojas Rodríguez, Cristhofer 
245 1 3 |a La resistencia como germen de autonomía:  |b una primera interpretación desde/hacia abajo/  |c Cristhofer Rojas Rodríguez, César Augusto Gómez Calderón 
300 |a páginas 219-231 
700 1 |9 5402  |a Gómez Calderón, César Augusto 
773 0 |0 40315  |9 1180  |a Universidad de Costa Rica  |d San José, Montes de Oca, Costa Rica: Editorial Universidad de Costa Rica, 1957-  |o 17992  |t Revista de Filosofía/  |x 00348252 
942 |2 ddc  |c PP